Normal view
MARC view
- Ashan, Afzal
Entry Personal Name
001 - CONTROL NUMBER
- control field: 14485
003 - CONTROL NUMBER IDENTIFIER
- control field: NUST
005 - DATE AND TIME OF LATEST TRANSACTION
- control field: 20190522070701.0
008 - FIXED-LENGTH DATA ELEMENTS
- fixed length control field: 190522|| aca||aabn | a|a d
040 ## - CATALOGING SOURCE
- Original cataloging agency: NUST
- Transcribing agency: NUST
100 ## - HEADING--PERSONAL NAME
- Personal name: Ashan, Afzal
670 ## - SOURCE DATA FOUND
- Source citation: Work cat.: (NUST): Ashan, Afzal, Ran Talwar Te Gora /, 1981.
